<The> Public employment service in the United States

Na minha lista:
Detalhes bibliográficos
Formato: Livro
Idioma:inglês
Publicado em: Paris OECD 1999
Assuntos:
Tags: Adicionar Tag
Sem tags, seja o primeiro a adicionar uma tag!

MARC

LEADER 00000nam a2200000 4500
001 c122300
005 20221221084656.5
020 |a 92-64-17011-1 
041 0 |a eng 
044 |a FR 
245 1 0 |a <The> Public employment service in the United States 
264 1 |a Paris  |b OECD  |c 1999 
300 |a 228 s. 
610 2 0 |a trh práce 
610 2 0 |a nezamestnanosť 
610 2 0 |a miesta pracovné 
610 2 0 |a služby verejné 
610 2 0 |a služby poradenské 
610 2 0 |a poistenie v nezamestnanosti 
610 2 0 |a dávky 
610 2 0 |a programy sociálne 
610 2 0 |a mládež 
610 2 0 |a doškoľovanie 
610 2 0 |a USA 
610 2 0 |a OECD